000
00304nam a22001337a 4500
008
171207b xxu||||| |||| 00| 0 eng d
020
_a
9781452220161
041
_a
eng
080
_2
6 ED
_a
32
100
_a
32
101
_a
POL
245
_a
KEEPING THE THE REPUBLIC
_c
BARBOUR.CH
942
_2
udc
_c
BK
999
_c
38802
_d
38802